[Event "Debrecen"]
[Site "Debrecen"]
[Date "1989.??.??"]
[Round "?"]
[White "Kotronias, Vasilios"]
[Black "Kindermann, Stefan"]
[Result "0-1"]
[WhiteElo "2505"]
[BlackElo "2515"]
[Annotator "ChessBase"]
[PlyCount "80"]
[EventDate "1989.06.??"]
[EventType "tourn"]
[EventRounds "11"]
[EventCountry "HUN"]
[EventCategory "12"]
[SourceTitle "CBM 014"]
[Source "ChessBase"]
[SourceDate "1990.02.01"]
[SourceVersion "1"]
[SourceVersionDate "1990.02.01"]
[SourceQuality "1"]

1. e4 e6 2. d4 d5 3. Nd2 c5 4. Ngf3 cxd4 5. exd5 Qxd5 6. Bc4 Qd6 7. O-O Nf6 8.
Nb3 Nc6 9. Nbxd4 Nxd4 10. Nxd4 a6 11. b3 Qc7 12. Qe2 Bc5 13. Bb2 (13. Nf5 O-O
14. Nxg7 $6 Kxg7 (14... Bd4 15. Bh6 Bxa1 16. Rxa1 $40) 15. Bb2 Rg8 $1 $19 (
15... e5 $2 16. Bxe5 Bd6 17. Bb2 Bxh2+ 18. Kh1 Bf4 19. Qh5 $40 {Geller,
E-Kindermann,S Dortmund-A 1989})) 13... O-O 14. Rad1 (14. Nf3 b5 15. Bd3 Bb7
16. Ng5 Qc6) (14. a4 $5) 14... b5 15. Bd3 Bb7 16. Nf3 (16. Nxb5 $2 axb5 (16...
Qc6 $19) 17. Bxf6 gxf6 18. Qg4+ Kh8 19. Qh4 f5 20. Qf6+ $10) 16... Qf4 $5 17.
Ne5 (17. Be5 Qg4 18. h3 Qh5 19. Bxf6 Bxf3 (19... gxf6 20. Be4) 20. Qxf3 Qxf3
21. gxf3 gxf6 $15) (17. Qe5 Qxe5 18. Nxe5 Rfd8 19. a3 {P b4,c4=}) 17... Qg5 18.
g3 (18. Nf3 $5) 18... Rad8 19. a3 $2 (19. a4 bxa4 20. Bxa6 (20. Bc1 Qh5 21.
Qxh5 Nxh5 22. bxa4) 20... Rxd1 21. Rxd1 Bxf2+ $1 22. Kxf2 Qf5+ 23. Ke1 (23. Nf3
Ng4+ $19) (23. Kg1 Bxa6 24. Qxa6 Qxc2 $19) 23... Bxa6 24. Qxa6 Qxc2 25. Qe2
Qxb3 $40) (19. Bc1 Qh5 $8 20. Qxh5 Nxh5 $10) 19... Nd5 20. Bc1 (20. Be4 Nf4 21.
Qf3 Nh3+ 22. Kg2 Bxe4 23. Qxe4 Rxd1 24. Rxd1 Nxf2 $19) 20... Qe7 21. Qe4 (21.
b4 Nc3 22. Qh5 (22. Bxh7+ Kxh7 23. Qh5+ Kg8 24. Rxd8 Qxd8 25. bxc5 Qd5 26. f3
f6 $19) 22... g6 23. Nxg6 fxg6 24. Qxc5 Qxc5 25. bxc5 Nxd1 $19) (21. c4 Nc3 22.
Bxh7+ Kxh7 23. Qc2+ Ne4 $19) 21... f5 (21... g6 $5 22. Qe1 f6 23. Nf3 Nf4 24.
Bxf4 Bxf3 {P a3}) 22. Qe1 Ba8 $1 (22... Bxa3 23. Nc6 $1 Bxc6 24. Bxa3 Qxa3 25.
Qxe6+ Kh8 26. Qxc6 $10) 23. Be2 (23. c4 Nc3 $1 (23... Qb7 $1 $17) 24. Qxc3 Qb7
25. Be4 Qxe4 $19) (23. b4 Bd4 $1 24. Nf3 Bc3 25. Bd2 Rc8 $17) 23... Bxa3 24.
Bxa3 Qxa3 25. c4 Nf6 $6 (25... bxc4 26. Bxc4 (26. bxc4 Nc3 27. Rxd8 Nxe2+ 28.
Qxe2 Rxd8 $17) 26... Qd6 $17) 26. cxb5 axb5 27. Rxd8 Rxd8 28. Bxb5 Qxb3 29. Bc4
Qb7 30. f3 (30. Bxe6+ Kf8 31. f3 Qb6+ 32. Kg2 Qxe6 33. Ng6+ Kf7 $19) 30... Qb6+
31. Qf2 Qxf2+ 32. Rxf2 Bd5 33. Rd2 Rc8 34. Rd4 $6 (34. Be2 $15) 34... Kf8 35.
Kf2 Ke7 36. Bd3 (36. Bxd5 Rc2+ 37. Kg1 Nxd5 $17) 36... Ra8 $1 37. g4 $2 $138
Kd6 38. Nf7+ (38. f4 fxg4 $19) 38... Kc5 39. Rf4 (39. Ke3 e5 $1 40. Nxe5 Re8
41. f4 Nxg4+ $19) 39... fxg4 40. fxg4 Rf8 {41. e5 e5! -+; 41. g5 e5 42. f5
g6-+; 41.g5 xf7 42.gxf6 gxf6-+} 0-1

[Event "URS-ch44 Final"]
[Site "Moscow"]
[Date "1976.12.09"]
[Round "9"]
[White "Geller, Efim P"]
[Black "Vaganian, Rafael A"]
[Result "1-0"]
[WhiteElo "2620"]
[BlackElo "2550"]
[Annotator "ChessBase"]
[PlyCount "55"]
[EventDate "1976.11.27"]
[EventType "tourn"]
[EventRounds "17"]
[EventCountry "URS"]
[EventCategory "12"]
[SourceTitle "URS-ch"]
[Source "ChessBase"]
[SourceDate "1999.07.01"]
[SourceVersion "1"]
[SourceVersionDate "1999.07.01"]
[SourceQuality "1"]

1. e4 e6 2. d4 d5 3. Nd2 c5 4. Ngf3 cxd4 5. exd5 Qxd5 6. Bc4 Qd6 7. O-O Nf6 8.
Nb3 Nc6 9. Nbxd4 Nxd4 10. Nxd4 Be7 11. b3 O-O (11... a6 12. Bb2 O-O 13. Qf3 Qc7
14. Rfe1 b5 $6 (14... Bd6 $5) 15. Bd3 Bb7 16. Qh3 g6 17. a4 $1 bxa4 18. Rxa4
Nh5 19. Nxe6 $18 {Stein-Uhlmann/Moscow/1967/}) 12. Bb2 Qf4 13. Qe2 $1 Qe4 14.
Qd2 $1 Rd8 15. Rfe1 Qh4 16. Rad1 $16 Bc5 17. Re5 Ng4 18. Rxc5 Qxh2+ 19. Kf1 e5
20. Qg5 Nf6 21. Bxf7+ Kh8 22. Rxe5 Bg4 23. f3 Rac8 24. Rd2 Rf8 25. Be6 Rce8 26.
Rde2 Qh1+ 27. Kf2 h5 28. Nf5 1-0

[Event "Interzonal-10a playoff place 2+3"]
[Site "Varese"]
[Date "1976.10.17"]
[Round "7"]
[White "Tal, Mihail"]
[Black "Petrosian, Tigran V"]
[Result "1/2-1/2"]
[WhiteElo "2615"]
[BlackElo "2635"]
[Annotator "ChessBase"]
[PlyCount "40"]
[EventDate "1976.10.10"]
[EventType "tourn"]
[EventRounds "12"]
[EventCountry "ITA"]
[EventCategory "15"]
[SourceTitle "IZT"]
[Source "ChessBase"]
[SourceDate "1999.07.01"]
[SourceVersion "1"]
[SourceVersionDate "1999.07.01"]
[SourceQuality "1"]

1. e4 e6 2. d4 d5 3. Nd2 c5 4. exd5 Qxd5 5. Ngf3 cxd4 6. Bc4 Qd6 7. O-O Nf6 8.
Nb3 Nc6 9. Nbxd4 Nxd4 10. Nxd4 Be7 11. b3 (11. Nb5 Qc6 $1 12. Qe2 O-O 13. Bf4
a6 14. Nd4 Qc5 15. Nb3 Qc6 16. Nd4 Qc5 {Tal,M-Petrosian,T/URS1976/1/2-1/2/})
11... O-O 12. Bb2 Qf4 13. Nf3 $6 (13. Qe2 $1 $14) 13... b6 14. Be5 Qg4 15. Nd4
Qxd1 16. Raxd1 Bb7 17. Nb5 Bc5 18. Bd6 Bxd6 19. Rxd6 Rfc8 20. Rfd1 Kf8 1/2-1/2

[Event "Paris FIDE GP"]
[Site "Elancourt"]
[Date "2013.09.24"]
[Round "3"]
[White "Ivanchuk, Vassily"]
[Black "Wang, Hao"]
[Result "1-0"]
[WhiteElo "2731"]
[BlackElo "2747"]
[Annotator "ChessBase Website"]
[PlyCount "119"]
[EventDate "2013.09.22"]
[EventType "tourn"]
[EventRounds "11"]
[EventCountry "FRA"]
[EventCategory "20"]
[SourceTitle "CBM 157"]
[Source "ChessBase"]
[SourceDate "2013.11.12"]
[SourceVersion "1"]
[SourceVersionDate "2013.11.12"]
[SourceQuality "1"]
[TimeControl "40/7200:20/3600:900+30"]
[WhiteClock "2:00:00"]
[BlackClock "2:00:00"]

1. e4 {[%emt 0:00:06]} e6 {[%emt 0:05:02]} 2. d4 {[%emt 0:00:11]} d5 {[%emt 0:
00:03]} 3. Nd2 {[%emt 0:00:04]} c5 {[%emt 0:00:06]} 4. Ngf3 {[%emt 0:00:16]}
cxd4 {[%emt 0:00:44]} 5. exd5 {[%emt 0:00:10]} Qxd5 {[%emt 0:00:06]} 6. Bc4 {
[%emt 0:00:04]} Qd6 {[%emt 0:00:05]} 7. O-O {[%emt 0:00:04]} Nf6 {[%emt 0:00:
04]} 8. Nb3 {[%emt 0:00:04]} Nc6 {[%emt 0:00:04]} 9. Nbxd4 {[%emt 0:00:06]}
Nxd4 {[%emt 0:00:05]} 10. Nxd4 {[%emt 0:00:02]} a6 {[%emt 0:00:07]} 11. Re1 {
[%emt 0:00:03]} Qc7 {[%emt 0:00:06]} 12. Bf1 {[%emt 0:00:05]} Bc5 {[%emt 0:05:
41]} 13. c3 $146 {[%emt 0:22:51]} (13. Bg5 O-O 14. Bxf6 gxf6 15. Qg4+ Kh8 16.
Qh4 Be7 17. Re3 f5 18. Qh5 Bc5 19. Qh6 f6 20. Nxe6 Bxe6 21. Rxe6 Bd4 22. Rae1
Be5 23. Bd3 f4 24. g3 Rad8 25. Qh4 Rd4 26. R1xe5 Rxd3 27. Re1 Rdd8 28. Re7 Qxc2
29. Qxf4 b5 30. Ra7 Rd1 31. Rxh7+ {1-0 (31) Zhou,Y (2469)-Knott,S (2318)
Torquay 2013}) 13... O-O {[%emt 0:01:03]} 14. Bg5 {[%emt 0:00:11]} Nd5 {
[%emt 0:12:32]} 15. Bc4 {[%emt 0:11:34]} Nf4 {[%emt 0:14:10]} 16. Bb3 {[%emt 0:
13:29]} h6 {[%emt 0:02:15]} 17. Bxf4 {[%emt 0:03:48]} Qxf4 {[%emt 0:00:10]} 18.
Qf3 {[%emt 0:00:03]} Qxf3 {[%emt 0:05:17]} 19. Nxf3 {[%emt 0:00:09]} Rd8 {
[%emt 0:01:26]} 20. Bc2 {[%emt 0:04:18]} Kf8 {[%emt 0:08:38]} 21. Rad1 {
[%emt 0:00:27]} Bd7 {[%emt 0:03:32]} 22. Ne5 {[%emt 0:03:47]} Be8 {[%emt 0:01:
55]} 23. h4 {[%emt 0:00:16]} Ke7 {[%emt 0:01:34]} 24. g3 {[%emt 0:00:23]} Bd6 {
[%emt 0:04:38]} 25. Nc4 {[%emt 0:02:17]} Bc7 {[%emt 0:00:18]} 26. Be4 {[%emt 0:
00:04]} Rxd1 {[%emt 0:01:24]} 27. Rxd1 {[%emt 0:00:03]} Rb8 {[%emt 0:00:05]}
28. a3 {[%emt 0:00:20]} b5 {[%emt 0:08:24]} 29. Ne3 {[%emt 0:00:15]} a5 {
[%emt 0:00:25]} 30. Nc2 {[%emt 0:00:28]} f5 {[%emt 0:02:49]} 31. Bf3 {[%emt 0:
00:36]} Kf6 {[%emt 0:02:05]} 32. Kf1 {[%emt 0:00:20]} Bb6 {[%emt 0:03:38]} 33.
Ke1 {[%emt 0:02:16]} Bc5 {[%emt 0:03:39]} 34. Rd2 {[%emt 0:00:13]} Rc8 {
[%emt 0:01:32]} 35. Bb7 {[%emt 0:02:17]} Rc7 {[%emt 0:03:33]} 36. Bf3 {[%emt 0:
00:22]} Rc8 {[%emt 0:05:46]} 37. Bb7 {[%emt 0:00:07]} Rb8 {[%emt 0:00:59]} 38.
Bf3 {[%emt 0:00:31]} g6 {[%emt 0:00:14]} 39. Ke2 {[%emt 0:00:57]} e5 {[%emt 0:
02:44]} 40. Bd5 {[%emt 0:00:00]} g5 {[%emt 0:00:00]} 41. hxg5+ {[%emt 0:00:34]}
hxg5 {[%emt 0:05:04]} 42. b4 {[%emt 0:07:15]} axb4 {[%emt 0:02:50]} 43. axb4 {
[%emt 0:00:06]} Bb6 {[%emt 0:00:11]} 44. Bc6 {[%emt 0:00:08]} Bh5+ {[%emt 0:04:
44] Wang Hao was able to obtain a slight edge with black straight out of the
opening as his pair of bishops was the only factor that mattered in the
position. He keps expanding and pushing for the win, but a clever resource by
Ivanchuk on move 44 allowed him to equalize the position. Wang Hao should've
looked for a way to secure the draw, but instead he kept pushing forward
without regard for his opponent's threats. Ivanchuk picked up a pawn and a
further blunder soon afterwards cost the Chinese player a full piece, after
which the game was over.} 45. Ke1 {[%emt 0:03:07]} f4 {[%emt 0:23:14]} 46. Na3
{[%emt 1:02:15]} Rc8 $6 {[%emt 0:01:16]} (46... e4 $142 47. Rd6+ Ke7 48. Nxb5
e3 49. fxe3 Bxe3 $132 {Ivanchuk}) 47. Rd6+ {[%emt 0:00:58]} Ke7 {[%emt 0:00:03]
} 48. Nxb5 {[%emt 0:03:00]} fxg3 {[%emt 0:03:05]} 49. fxg3 {[%emt 0:00:10]} Rf8
{[%emt 0:00:04]} 50. Rd7+ {[%emt 0:09:19]} Ke6 {[%emt 0:00:05]} 51. Rd2 {
[%emt 0:00:20]} Be3 {[%emt 0:03:31]} 52. Rd6+ {[%emt 0:13:38]} Kf5 {[%emt 0:01:
01]} 53. Bd7+ {[%emt 0:02:13]} Ke4 {[%emt 0:00:03]} 54. Bc6+ {[%emt 0:00:03]}
Kf5 {[%emt 0:00:03]} 55. Rh6 {[%emt 0:00:04]} Kg4 {[%emt 0:04:12]} 56. Bd7+ {
[%emt 0:01:48]} Kf3 {[%emt 0:00:15]} 57. Rxh5 {[%emt 0:00:13]} e4 {[%emt 0:00:
21]} 58. g4 {[%emt 0:00:59]} Bf2+ 59. Kf1 Kg3 {[%emt 0:01:19]} 60. Nd6 {
[%emt 0:00:00]} 1-0

[Event "Olympiad-31"]
[Site "Moscow"]
[Date "1994.12.06"]
[Round "6.3"]
[White "Spasov, Vasil"]
[Black "Dreev, Alexey"]
[Result "1-0"]
[WhiteElo "2525"]
[BlackElo "2650"]
[Annotator "Dolmatov,S"]
[PlyCount "75"]
[EventDate "1994.12.01"]
[EventType "team-swiss"]
[EventRounds "14"]
[EventCountry "RUS"]
[SourceTitle "CBM 045"]
[Source "ChessBase"]
[SourceDate "1995.04.01"]
[SourceVersion "1"]
[SourceVersionDate "1995.04.01"]
[SourceQuality "1"]
[WhiteTeam "Bulgaria"]
[BlackTeam "Russia"]
[WhiteTeamCountry "BUL"]
[BlackTeamCountry "RUS"]

1. e4 e6 2. d4 d5 3. Nd2 c5 4. Ngf3 cxd4 5. Nxd4 (5. exd5 Qxd5 6. Bc4 Qd6 7.
O-O) 5... Nf6 (5... Bc5 6. N2b3 Bb6 7. Bb5+ Bd7 8. exd5 $14) 6. exd5 Nxd5 7.
N2f3 Be7 (7... a6 $5 8. Bd3 Bd6 9. O-O Qc7 $13) 8. Bd3 Nd7 9. O-O O-O 10. c4
N5f6 11. Bf4 $14 Nh5 12. Be3 g6 13. Re1 a6 14. Rc1 Re8 (14... e5 15. Ne2 f5 16.
c5 e4 17. Bc4+ Kg7 18. Bd4+ Nhf6 19. Ng5 Nxc5 20. Nf4 $44) 15. Bf1 Bf8 16. a3
b6 17. b4 Bb7 18. Nb3 Nhf6 (18... a5 19. c5 bxc5 20. bxc5 a4 21. Nbd2 $40 (21.
c6 Bxc6 22. Rxc6 axb3 $15)) 19. Bd4 (19. c5 bxc5 20. bxc5 Rc8) 19... a5 $6 (
19... Bc6 20. Bb2) (19... Bh6 $5 20. Rc2 e5 $1 $132) 20. c5 bxc5 21. bxc5 a4 (
21... Bc6 22. Ba1 {/\Nb-d4}) 22. Nbd2 (22. c6 $2 Bxc6 23. Rxc6 axb3 $15) 22...
Bc6 23. Ne5 Nxe5 24. Bxe5 Nd7 (24... Ra5 $2 25. Nc4) (24... Nd5 25. Ne4 f6 26.
Bd6 Bh6 27. Rc2 $16) 25. Bd6 Bxd6 26. cxd6 Bd5 27. Ne4 Nf6 28. Nxf6+ Qxf6 29.
d7 $16 Red8 30. Rc7 Qb2 (30... Qe7 $4 31. Qxd5 $18) (30... Qf4 31. Qc1 Qd6 32.
Bb5 Ra5 33. Rc8 $18) 31. Qc1 Qb6 (31... Qxc1 32. Rexc1 Kf8 33. Rc8 Ke7 34. Bb5
Bb7 35. Rxa8 Rxa8 36. Rc7 $16) 32. Qf4 Ra7 33. Rxa7 Qxa7 34. Bb5 $1 Qa5 35. Rb1
Qb6 $6 (35... Bb3 $5 36. Qf6 $16 (36. Bc6 Bd5 37. Qe5 $16)) 36. Rb4 Bc6 37.
Bxa4 Qc5 38. Rb8 $1 1-0

[Event "Biel"]
[Site "Biel"]
[Date "1986.07.26"]
[Round "6"]
[White "Huebner, Robert"]
[Black "Klinger, Josef"]
[Result "1/2-1/2"]
[WhiteElo "2620"]
[BlackElo "2430"]
[Annotator "Dolmatov,S"]
[PlyCount "122"]
[EventDate "1986.07.20"]
[EventType "tourn"]
[EventRounds "11"]
[EventCountry "SUI"]
[EventCategory "12"]
[SourceTitle "MCL"]
[Source "ChessBase"]
[SourceDate "1999.07.01"]
[SourceVersion "1"]
[SourceVersionDate "1999.07.01"]
[SourceQuality "1"]

1. e4 e6 2. d4 d5 3. Nd2 c5 4. exd5 Qxd5 5. Ngf3 cxd4 6. Bc4 Qd6 7. O-O Nf6 8.
Nb3 Nc6 9. Nbxd4 Nxd4 10. Qxd4 $6 a6 11. Bf4 Qxd4 12. Nxd4 b5 $6 (12... Be7 13.
Rfd1 b5 14. Be2 Bb7 $10 {Matanovic-Petrosian,T/Bled/1961/}) 13. Be2 Bb7 14. Nb3
Be7 15. c4 bxc4 16. Na5 Bd5 17. Nxc4 Bc5 18. Rac1 (18. a3 $5 a5 19. Nxa5 Rxa5
20. b4 Bxb4 21. axb4 Rxa1 22. Rxa1 $14) 18... O-O 19. a3 a5 20. Nxa5 Rxa5 21.
Bc7 Bxa3 22. Bxa5 Bxb2 23. Rb1 Bd4 24. Rfc1 g5 $1 25. Bc3 Bxc3 26. Rxc3 Kg7 27.
Bf3 Bxf3 28. Rxf3 Rd8 29. g3 Rd7 30. Rfb3 Ne4 (30... Kg6 31. Rb7 Rd2 32. R1b2
Rd5 33. Ra7 Rf5 $10) 31. Rb4 Nc3 32. R1b3 Nd5 33. Rb7 Rxb7 $2 (33... Rd8 34.
Ra7 Kg6 35. Rbb7 Rf8 $10) 34. Rxb7 h6 35. Kg2 $14 Nf6 36. Kf3 Nd5 37. h3 Nf6
38. Ke3 Nd5+ 39. Kd4 Nf6 40. Ke5 Nd5 41. Ra7 Nf6 42. f4 g4 $1 43. h4 Nh5 44. f5
(44. Ra3 Kg6 $10) 44... exf5 45. Kxf5 Nxg3+ 46. Kxg4 Ne4 47. Ra4 Nf6+ 48. Kf5
Nd5 49. Rg4+ Kf8 50. Rg1 Ne7+ 51. Ke5 Ng6+ 52. Kf6 $10 Nxh4 53. Rg7 Ke8 54.
Rxf7 Nf3 55. Re7+ Kd8 56. Rh7 Nd4 57. Ke5 Nb5 58. Rxh6 Kd7 59. Rb6 Nc7 60. Rd6+
Ke7 61. Rd1 Ne8 1/2-1/2

[Event "Hoogovens-B"]
[Site "Wijk aan Zee"]
[Date "1998.01.21"]
[Round "2"]
[White "Kobalia, Mihail"]
[Black "Kasimdzhanov, Rustam"]
[Result "0-1"]
[WhiteElo "2500"]
[BlackElo "2565"]
[Annotator "Donev,I"]
[PlyCount "70"]
[EventDate "1998.01.20"]
[EventType "tourn"]
[EventRounds "11"]
[EventCountry "NED"]
[EventCategory "10"]
[SourceTitle "CBM 063"]
[Source "ChessBase"]
[SourceDate "1998.03.26"]
[SourceVersion "1"]
[SourceVersionDate "1998.03.26"]
[SourceQuality "1"]

1. e4 e6 2. d4 d5 3. Nd2 c5 4. exd5 Qxd5 5. Ngf3 cxd4 6. Bc4 Qd6 7. O-O Nf6 8.
Nb3 Nc6 9. Nbxd4 Nxd4 10. Nxd4 a6 11. Bb3 Qc7 12. Re1 Bd6 13. Nf5 Bxh2+ 14. Kh1
O-O 15. Nxg7 Rd8 16. Qe2 Kxg7 17. g3 Bxg3 18. Rg1 $6 $146 ({in der Partie
Adams,M-Dreev,A/EU-chT 1992/EU-chT folgte:} 18. fxg3 b5 $2 19. Bf4 Bb7+ 20. Kh2
Qc5 21. Be5 Kg6 22. Bxf6 Kxf6 23. Rf1+ $1 Kg6 {und die weißen Chancen waren
vorzuziehen.}) 18... b5 $1 ({In den damaligen Anmerkungen zur erwähnten Partie
Adams -Dreev ist zu lesen, daß 18.Rg1 mit} 18... Qc6+ 19. f3 Qc7 20. Bg5 Nh5
$19 {(Dreev) wiederlegt wird. Doch gerade darauf mag der Anziehende gehofft
haben: Nach 20.Qh2!/\ Qh6,Rg3 (statt 20.Bg5) steht Weiß besser, z.B. 20...Kh8 
(20...Kf8 21.Bh6 nebst Rg3) 21.Bg5!}) 19. Rxg3+ Kh8 20. Bg5 Bb7+ 21. Kh2 (21.
Kg1 Ne4 22. Bxd8 Rxd8 23. Rg2 (23. Rd3 Rg8+ 24. Kf1 Qh2 $19) 23... Nd2 (23...
Nc3 24. bxc3 Bxg2 25. Kxg2 Rg8+ 26. Kf1 Qh2 $17 {[%cal Yg8g1]}) 24. Rg3 Qf4 $1
$17 {/\Nf3}) 21... Ne4 22. Qe3 (22. Qf3 Qe5 23. Qxf7 Nxg5 (23... Rf8 $2 24. Bf4
$3 $16) 24. Qxb7 Rf8 {kann aus weißer Sicht nicht befriedigen.}) 22... Rg8 23.
Qd4+ (23. Bf4 Qe7 24. Qd4+ f6 $19) 23... e5 24. Qxe4 {es droht Bf6!} Rxg5 $1 {
natürlich wird der lästige Läufer vernichtet.} 25. Qh4 Rxg3 26. fxg3 Qc6 27.
Rg1 Qf3 28. Qg5 f6 29. Qh6 Rd8 30. Be6 Be4 31. Bg4 Qf2+ 32. Kh3 Rg8 33. Be6 Rg7
34. Qc1 Rg6 35. c4 Kg7 {gegen die Drohung Rh6 ist kein Kraut gewachsen.} 0-1

[Event "Clarin GP final"]
[Site "Villa Gesell"]
[Date "1998.03.17"]
[Round "11"]
[White "Rodriguez Vila, Andres"]
[Black "Giaccio, Alfredo Gustavo"]
[Result "1/2-1/2"]
[WhiteElo "2475"]
[BlackElo "2460"]
[Annotator "Donev,I"]
[PlyCount "118"]
[EventDate "1998.03.07"]
[EventType "tourn"]
[EventRounds "11"]
[EventCountry "ARG"]
[EventCategory "10"]
[SourceTitle "CBM 064"]
[Source "ChessBase"]
[SourceDate "1998.06.02"]
[SourceVersion "1"]
[SourceVersionDate "1998.06.02"]
[SourceQuality "1"]

1. e4 e6 2. d4 d5 3. Nd2 a6 4. Ngf3 c5 5. dxc5 Bxc5 6. Bd3 Ne7 7. O-O Nbc6 8.
a3 Ba7 9. b4 O-O 10. Bb2 Ng6 11. e5 Qc7 (11... f6 $1 12. exf6 gxf6 13. c4 $14)
(11... Nf4 12. Nb3 Bd7 13. Qd2 Nxd3 14. cxd3 $1 $16 {Die weißen Leichtfiguren
haben das ausgezeichneten Zentrumsfeld d4 zur Verfügung.}) 12. c4 Ncxe5 13.
Nxe5 Nxe5 14. Bxh7+ Kxh7 15. Qh5+ Kg8 16. Bxe5 Qd8 17. Nf3 $1 {Der weiße
Figurenangriff am Königsflügel wird immer gefährlicher. Jetzt droht Weiß mit
Ng5.} f6 18. cxd5 Qe8 $1 (18... Qxd5 19. Rad1 Qe4 20. Bd6 Rd8 21. Bc5 Rxd1 22.
Qe8+ Kh7 23. Rxd1 $16) (18... fxe5 19. Ng5 Rf5 20. Qh7+ Kf8 21. Qh8+ Ke7 22.
Qxg7+ Kd6) 19. Qxe8 Rxe8 {Um die weiße Initiative am Königsflügel zu
neutralisieren, erzwingt der Nachziehende den Damentausch. Doch das ändert an
der Stellungsbewertung nicht viel. Das resultierende Endspiel ist immer noch
schwer genug für Schwarz.} 20. Bd4 e5 $2 {Der Nachziehende opfert
unnötigerweise einen Bauer, weil er seine Bauernstruktur nicht durch exd5
verschlechtern möchte.} (20... Bxd4 $5 21. Nxd4 exd5 22. Rac1 $14) (20... exd5
$142 {Es ist klar, daß der weiße N im Vergleich zum schwarzen B ein Riese ist,
dennoch hat Schwarz seine Chancen - denn die Bauern sind auf beide Flügel
verteilt, und der schwarze König steht besser.} 21. Bxa7 Rxa7 22. Rfe1 Rxe1+
23. Rxe1 Kf7 24. Rc1 Bd7 $1 $14) 21. Bxa7 Rxa7 22. Rac1 $16 b5 {Die Idee des
Nachziehenden ist klar. Er will die Türme auf der d-Linie verdoppeln, den
Läufer auf b7 plazieren, um bequem den Pd5 zurück zu erobern.} (22... Rd8 23.
Rc7 Bg4 24. Rd1 e4 25. Rd4 $1 $16) 23. Rc6 (23. d6 Rd7 24. Rfd1 Red8 25. Rc6
Bb7 26. Rb6 Kf7 27. Ne1 $16) 23... Rd7 24. Rfc1 Bb7 25. Rb6 Ra8 (25... Bxd5 26.
Rxa6 Bxf3 27. gxf3) (25... Red8 26. Ne1 Bxd5 27. Rxa6 Bb3 $1 $11) 26. d6 Rad8
27. Ne1 Bd5 28. Rxa6 Rxd6 29. Rxd6 Rxd6 30. Rd1 Kf7 31. Nc2 Rc6 (31... Ke6 32.
Ne3 Be4 33. Rxd6+ Kxd6) 32. Rxd5 Rxc2 33. h4 $16 Ra2 34. Rxb5 Rxa3 35. h5 Kg8
36. Rb8+ Kh7 37. b5 Rb3 38. b6 g6 39. hxg6+ (39. g4) 39... Kxg6 40. b7 Kf5 41.
g4+ Ke4 42. Kg2 Rb1 43. g5 fxg5 44. Kg3 Rb2 45. Kg4 Rb1 46. Kxg5 Rg1+ 47. Kh4 (
47. Kf6 Rb1 48. Ke6) 47... Rb1 48. f4 Rh1+ 49. Kg3 Rg1+ 50. Kh4 Rh1+ 51. Kg5
Rg1+ 52. Kh5 Rh1+ 53. Kg4 Rg1+ 54. Kh3 Rg7 55. f5 Kf4 56. f6 Rf7 57. Kg2 e4 58.
Kf2 e3+ 59. Ke2 Rd7 1/2-1/2

[Event "Harplinge"]
[Site "Harplinge"]
[Date "1998.08.18"]
[Round "4"]
[White "Emms, John M"]
[Black "Sjodahl, Pontus"]
[Result "1-0"]
[WhiteElo "2585"]
[BlackElo "2420"]
[Annotator "Donev,I"]
[PlyCount "47"]
[EventDate "1998.08.15"]
[EventType "tourn"]
[EventRounds "9"]
[EventCountry "SWE"]
[EventCategory "12"]
[SourceTitle "CBM 067"]
[Source "ChessBase"]
[SourceDate "1998.11.30"]
[SourceVersion "2"]
[SourceVersionDate "1998.11.01"]
[SourceQuality "1"]

1. e4 e6 2. d4 d5 3. Nd2 c5 4. Ngf3 cxd4 5. exd5 Qxd5 6. Bc4 Qd6 7. O-O a6 8.
Ne4 Qc7 9. Qxd4 Nc6 10. Qc3 Bd7 11. Rd1 b5 12. Bb3 {Auf dem Brett entsteht
eine arttypische Stellung für den offenen Sizilianer, in der der weiße Bauer e
gegen den schwarzen d Bauer getauscht ist.} b4 $2 {Schwarz versucht die
lästige weiße Dame von der große Diagonale a1-h8 zu vertreiben, um seinen
Königsflügel entwickeln zu können. Leider ist das ein Fehlschlag der nur den
Damenflügel abschwächt und die Lage der weißen Dame sogar verbessert.} (12...
Rc8 $142 $14) 13. Qc4 Nf6 (13... Be7 14. Ba4 $1 Rc8 15. Rxd7 $1 Qxd7 16. Nd4
$16 {[%cal Yd4c6,Yc4c6,Ya4c6]}) 14. Nxf6+ gxf6 {[%mdl 132]} 15. Bf4 Qb6 {
Weiß hat großen Entwicklungsvorsprung. Es ist daher nicht überraschend, das
die Partie nur noch ein paar Züge dauert.} (15... e5 16. Qxf7+ Kd8 17. Qxf6+
$18) {[%tqu "De","Wie soll der Anziehende seine Angriff fortsetzen?","","",
"d1d7","",4]} 16. Rxd7 $1 Kxd7 {[%tqu "De","Wie weiter?","","","a1d1","",2]}
17. Rd1+ {Bringt mit Tempo noch eine Figur ins Spiel.} Kc8 (17... Ke8 18. Ba4
Rc8 19. Nd4 $18 {[%cal Ya4c6,Yd4c6,Yc4c6] Der gefesselte Nc6 ist nicht mehr zu
retten.}) 18. Nd4 ({Nich von der Hand zu weisen war auch} 18. Ba4 Bc5 19. Bxc6
Qxc6 20. Be3 Ra7 $1 21. Qxc5 Qxc5 22. Bxc5 Rc7 23. Bxb4 Rxc2 24. Bc3 $18) 18...
Kb7 {[%tqu "De","Der Schluß Akkord des weißes Angriffs!","","","d4e6","",6]}
19. Nxe6 $1 Re8 (19... fxe6 20. Rd7+ Kc8 21. Qxe6 $1 $18 {Das Abzugschach mit
dem weißem Turm ist tödlich.} (21. Rc7+ Qxc7 (21... Kd8 22. Rxc6 $18) 22. Bxc7
Kxc7 23. Ba4 $16)) 20. Rd7+ Kc8 21. Rxf7 Re7 22. Rxe7 Bxe7 23. Ba4 $1 Kb7 24.
Be3 $1 {Die arme schwarze Dame. Nach Qa5 bleibt der Nc6 ungedeckt.} 1-0